[Event "EU-ch 5th"]
[Site "Antalya"]
[Date "2004.05.17"]
[Round "3"]
[White "Aronian, Levon"]
[Black "Stefansson, Hannes"]
[Result "1-0"]
[WhiteElo "2645"]
[BlackElo "2567"]
[Annotator "Lutz,C"]
[PlyCount "79"]
[EventDate "2004.05.15"]
[EventType "swiss"]
[EventRounds "13"]
[EventCountry "TUR"]
[SourceTitle "CBM 101"]
[Source "ChessBase"]
[SourceDate "2004.07.27"]
[SourceVersion "1"]
[SourceVersionDate "2004.07.27"]
[SourceQuality "1"]

1. d4 {Ftacnik} d5 2. c4 c6 3. Nf3 Nf6 4. Nc3 e6 5. e3 Nbd7 6. Qc2 Bd6 7. g4
Nxg4 8. Rg1 f5 {Diese Variante ist sehr solide für Schwarz. Es entsteht eine
Stonewall-ähnliche Stellung, in der schon die g-Bauern getauscht sind. Beide
Spieler werden daher lang rochieren.} 9. h3 Ngf6 10. Rxg7 Ne4 11. Bd2 Qf6 12.
Rg2 Nf8 13. O-O-O Ng6 (13... Bd7 14. Ne5 Nxd2 (14... Bxe5 $2 15. dxe5 Qxe5 16.
f4 {nebst Nxe4 und Bc3.}) 15. Nxd7 Nxd7 16. Rxd2 a6 17. f4 Bb4 18. cxd5 cxd5
19. Qb3 Qe7 20. Rc2 Nf6 21. Ne2 Kf7 22. Ng1 Rhc8 23. Nf3 Bd6 24. Kb1 Ne4 $11 {
1/2-1/2 Kasparov,G-Nielsen,P/Reykjavik 2004/CBM 100/[Lutz] (36)}) 14. Qb3 $5
$146 {Ftacnik: 'Stefansson is presenting his opponent with a tough nut to
crack. Black is enjoying a good control of the center and if he manages to
develop the last pieces his chances will be promissing.'  Ein neuer Zug, aber
nicht unlogisch: Schwarz plant ...Bd7 nebst ...0-0-0, warum dies nicht
verhindern? Weiß hatte bislang verschiedene andere Züge probiert, aber ohne
durchschlagenden Erfolg.} (14. Bd3 Bd7 15. Rdg1 Bc7 (15... O-O-O 16. cxd5 Nxc3
17. Bxc3 exd5 18. Rg5 Rdf8 19. h4 Rhg8 20. Qa4 Kb8 21. Bb4 Ne7 22. Ne5 Bc8 23.
Bxd6+ Qxd6 24. Qd1 Qh6 25. f4 $14 {1/2-1/2 Dorfman,J-Fressinet,L/Vichy 2000/
CBM 79/[Lutz] (87)}) (15... Nxd2 16. Nxd2 O-O 17. c5 Bc7 18. f4 Kh8 19. Nf3 Rg8
20. Qf2 b6 21. Na4 Raf8 22. Be2 {1/2-1/2 Agrest,E-Thorhallsson,T/Reykjavik
2000/CBM 79 (22)}) 16. Be1 O-O-O 17. Kb1 Kb8 18. Na4 e5 $6 (18... dxc4 $5 19.
Qxc4 e5) 19. dxe5 Nxe5 $2 (19... Bxe5) 20. Nxe5 Bxe5 (20... Qxe5 21. f3 dxc4
22. Bxe4 fxe4 23. Bc3 Qh5 24. Bxh8 Rxh8 25. f4 $16) 21. f4 Bd6 22. Bxe4 fxe4
23. Bc3 Qe6 24. Bxh8 Rxh8 25. cxd5 cxd5 26. Nc5 Bxc5 27. Qxc5 $18 {1-0
Kasparov,G-Nielsen,P/Reykjavik 2004/CBM 100/[Lutz] (41)}) (14. Be2 Bd7 15. Rdg1
O-O-O 16. Be1 (16. cxd5 $5 Nxc3 17. Bxc3 exd5 18. Bd3 $36) 16... Kb8 17. Kb1
Ka8 (17... Rhe8 18. Ng5 $2 Nh4 $1 19. Nxh7 Qh6 20. Rg7 Re7 21. Rg8 Rxg8 22.
Rxg8+ Re8 23. Rxe8+ Bxe8 24. f4 Qxh7 25. Bd1 {0-1 Bykhovsky,A-Tyomkin,D/
Gevataim 1996}) 18. Ka1 Qe7 (18... Be8 19. Bd3 Rf8 20. a3 Qe7 21. h4 Nxc3 22.
Bxc3 Nxh4 23. Nxh4 Qxh4 24. Ba5 Rb8 25. c5 b6 26. Bxb6 Be7 27. Qa4 Rb7 28. Rg7
Kb8 29. Ba5 Qxf2 30. R1g2 Qxe3 31. Ba6 Rb3 32. Rxe7 Rb5 33. Bxb5 cxb5 34. Rxe8+
{1-0 Wells,P-Delemarre,J/Antwerp 1996/EXT 99 (34)}) 19. c5 $6 Bc7 20. h4 e5 21.
h5 exd4 22. Nxd4 Ne5 23. Na4 Ng4 24. Nxf5 Bxf5 25. Bxg4 Bxg4 26. Rxg4 Rhf8 $44
{0-1 Soffer,R-Wells,P/Budapest 1994/CBM 41 ext (77)}) (14. Kb1 Bd7 15. Ka1 a6
$2 (15... O-O-O $5 {Tyomkin,D} 16. cxd5 Nxc3 17. Bxc3 exd5 18. Bd3 Rhg8) 16.
Na4 $1 b5 17. Nb6 Rb8 18. c5 Nxd2 19. Qxd2 Bc7 20. Be2 $16 {1/2-1/2 Rowson,
J-Tyomkin,D/Tallinn 1997/CBM 59 ext/[Tyomkin,D] (39)}) 14... b6 (14... Rf8 $5 {
Ftacnik} 15. Kb1 (15. c5 Bc7 16. Qa4 Bd7 $11) 15... Nh4 16. Nxh4 Qxh4 17. f4
$13) 15. Kb1 Bd7 (15... Bb7 $5 {/\ ...0-0-0}) 16. Be1 Ke7 {Schwarz beschließt,
mit dem König im Zentrum zu bleiben, aber dort ist der schwarze Monarch nun
dauerhaften Bedrohungen ausgesetzt.} (16... Rd8 {Ftacnik} 17. Qa4 Nxc3+ 18.
Bxc3 f4 $132) 17. cxd5 exd5 (17... cxd5 {Ftacnik} 18. Ba6 (18. Nb5 Bxb5 19.
Bxb5 f4 $13) 18... Rhg8 19. Rc1 Nh4 $13) 18. Ne2 a5 {Schwarz will am
Damenflügel angreifen.} (18... f4 $5 {Ftacnik} 19. Rg1 fxe3 20. Qxe3 Rae8 $15)
19. Nf4 $5 {Ftacnik: 'Aronian is a very gifted player that feels the need to
unbalance black with a bit provocative solution.' Mit einem Bauernopfer kämpft
Aronian um die Initative.} (19. Qxb6 $2 Rhb8) 19... a4 (19... Bxf4 {Ftacnik}
20. exf4 Nxf4 21. Rg1 Ne6 22. Qd3 $13) (19... Nxf4 {Ftacnik} 20. exf4 Bxf4 21.
Ne5 $13) 20. Qc2 Rhg8 (20... Nxf4 21. exf4 Bxf4 22. Ne5 Rhc8 (22... Bxe5 23.
dxe5 Qxe5 $2 24. f3 {/\ Bc3}) (22... a3 {Ftacnik} 23. f3 Ng5 24. b3 $13) 23. f3
Nd6 24. Re2 $44 {und Weiß hat dank seines Ne5 und des unsicheren schwarzen
Königs Kompensation für den Bauern.} (24. Bb4 $5)) 21. a3 Kf7 $2 {Mit diesem
Zug wird deutlich, dass Schwarz den Faden verloren hat. Er hätte spätestens
jetzt auf f4 nehmen sollen.} (21... Nxf4 22. Rxg8 Rxg8 23. exf4 {mit den Ideen
Qxa4 und Ne5.} Bxf4 {Ftacnik} 24. Qxa4 c5 25. Bb5 $13) 22. Nd3 $16 {'!'
Ftacnik.} Ke7 $2 (22... f4 {Ftacnik} 23. exf4 Bxf4 24. h4 $1 (24. Nxf4 Qxf4 25.
Ng1 Nh4 26. Ne2 Qf5 $13) 24... Bd6 25. Be2 $36) 23. Bb4 {'!' Ftacnik. So kann
Weiß das Feld e5 freikämpfen und muss noch nicht einmal einen Bauern dafür
geben.} Bxb4 24. Nxb4 Kd6 25. Ka1 f4 26. Bd3 Rae8 27. Ne5 fxe3 (27... Nxe5 $2
28. dxe5+ Qxe5 29. Rxg8 Rxg8 30. Bxe4 $18) 28. fxe3 Qf5 29. Rg5 $5 $18 {
Aronian lässt sich keinen taktischen Witz entgehen.} (29. Nbxc6 $5) 29... Qxh3
(29... Qxg5 30. Nf7+) 30. Bxe4 dxe4 31. Nexc6 (31. Nbxc6 $5) 31... Qxe3 32.
Rd5+ Ke6 33. Rxd7 $5 {Eine kleine Königshatz zum Abschluss...} (33. Qh2 $5 Nf4
34. Qxh7 Nxd5 35. Ne5 $18) 33... Kxd7 34. Ne5+ Nxe5 35. dxe5+ Ke6 36. Qc6+ Kxe5
37. Qd6+ Kf5 38. Nd5 Qg3 39. Rf1+ Kg4 40. Qd7+ 1-0

[Event "Bundesliga 0405"]
[Site "Germany"]
[Date "2005.04.10"]
[Round "15.4"]
[White "Vallejo Pons, Francisco"]
[Black "Sokolov, Ivan"]
[Result "0-1"]
[WhiteElo "2678"]
[BlackElo "2663"]
[Annotator "Lutz,C"]
[PlyCount "46"]
[EventDate "2004.11.12"]
[EventType "team-tourn"]
[EventRounds "15"]
[EventCountry "GER"]
[SourceTitle "CBM 107"]
[Source "ChessBase"]
[SourceDate "2005.08.01"]
[SourceVersion "1"]
[SourceVersionDate "2005.08.01"]
[SourceQuality "1"]
[WhiteTeam "Baden Oos"]
[BlackTeam "Porz"]
[WhiteTeamCountry "GER"]
[BlackTeamCountry "GER"]

1. d4 d5 2. c4 c6 3. Nc3 Nf6 4. e3 a6 5. Nf3 e6 6. b3 Bb4 7. Bd2 O-O 8. a3 $6 {
Dieser und die folgenden Züg sind neu, aber vermutlich nicht besonders gut.
Vorzuziehen ist das normale 8.Bd3 nebst 9.0-0.} (8. Bd3 Qe7 9. O-O Nbd7 10. Qc2
(10. Re1 dxc4 11. bxc4 e5 12. Bc2 Rd8 13. Rb1 a5 14. h3 e4 15. Nh2 Nb6 16. c5
Nc4 17. Nxe4 Nxe4 18. Bxb4 axb4 19. Qd3 Ncd2 20. Rxb4 Rxa2 21. f3 Qh4 {0-1
Hillarp Persson,T-Sokolov,I/Mallorca 2004/CBM 104 (21)}) 10... e5 11. dxe5 Nxe5
12. Nxe5 Qxe5 13. cxd5 cxd5 14. Ne2 $14 {1-0 Ivanchuk,V-Riazantsev,A/Moscow
2005/CBM 106/[Lutz] (40)}) 8... Bd6 9. b4 $6 Nbd7 10. Qb3 $6 e5 $1 {Schwarz
öffnet die Stellung, da Weiß in der Entwicklung zurückliegt.} 11. Rd1 $2 {
Eine grobe Fehleinschätzung des jungen Spaniers. Schwarz erhält nun einen sehr
guten "Franzosen" mit vertauschten Farben.} (11. cxd5 {musste geschehen,
worauf Sokolov lt. SCHACH 1/2005 so spielen wollte:} cxd5 12. Nxd5 Nxd5 (12...
e4) 13. Qxd5 Nf6 14. Qb3 exd4 {und Kompensation nach} 15. Nxd4 ({oder} 15. exd4
Re8+) 15... Be5 16. Bc3 Ne4 17. Bb2 Qf6 $44) 11... e4 $17 12. Ng5 (12. Ng1 dxc4
13. Bxc4 Nb6 $17) 12... Ng4 (12... h6 $5 13. Nh3 dxc4 14. Bxc4 Nb6 $17 {
(SCHACH 5/2005)}) 13. Nh3 Nxh2 14. Be2 (14. cxd5 cxd5 15. Nxd5 Nxf1 $17 {
(SCHACH 5/2005)}) 14... Nf6 {Zwar bekommt Weiß Gegenspiel im Zentrum, aber
dafür zerfällt sein Königsflügel.} 15. cxd5 cxd5 16. Nxd5 Be6 17. Bc4 Bxh3 18.
gxh3 Nh5 {Jetzt macht Schwarz den Weg für die Dame frei.} 19. Nc3 Qh4 20. Bd5
Rae8 $19 21. Bxb7 Qxh3 22. Qd5 $6 {Lässt das Matt zu, aber 22.Rxh2 war
ebenfalls hoffnungslos.} Nf3+ 23. Ke2 Ng3+ 0-1

[Event "Sufe Cup"]
[Site "Shanghai"]
[Date "2000.03.12"]
[Round "10"]
[White "Krasenkow, Michal"]
[Black "Nay, Oo Kyaw Tun"]
[Result "1-0"]
[WhiteElo "2661"]
[BlackElo "2595"]
[Annotator "Lutz,C"]
[PlyCount "121"]
[EventDate "2000.03.03"]
[EventType "tourn"]
[EventRounds "13"]
[EventCountry "CHN"]
[EventCategory "13"]
[SourceTitle "CBM 076"]
[Source "ChessBase"]
[SourceDate "2000.05.31"]
[SourceVersion "1"]
[SourceVersionDate "2000.05.31"]
[SourceQuality "1"]

1. Nf3 Nf6 2. c4 c6 3. Nc3 d5 4. e3 e6 5. d4 Nbd7 6. Qc2 Bd6 7. g4 h6 8. Bd2 a6
9. h3 b5 $2 {Ein strategischer Fehlgriff. Nach Abschluss des Damenflügels
verbleibt Schwarz mit einem eingeschlossenem Bc8 und ohne Kompensation für das
weiße Raumübergewicht am Königsflügel.} (9... dxc4 $5) (9... c5 $5) (9... e5 $5
) 10. c5 $16 Bc7 11. Bd3 Qe7 (11... e5 12. dxe5 Nxe5 13. Nxe5 Bxe5 14. f4 Bc7
15. O-O-O $16) 12. Ne2 e5 13. dxe5 Nxe5 14. Nxe5 Bxe5 15. f4 Bc7 16. O-O-O Bd7
17. Kb1 Kd8 18. Nd4 $2 {Anscheindend hat Krasenkow nicht mehr so richtig
hingeschaut und gedacht, dass der Man aus Myanmar nach der verfehlten
Eröffnung von alleine umfallen wird. Der Textzug sieht zwar gut aus, bewirkt
aber nicht so viel.} (18. Ng3 $16 {nebst Linienöffnung durch e3-e4 ist
eigentlich ziemlich einfach zu finden.}) 18... Re8 {Nun hat Schwarz das Feld
e4 fest im Griff und kann wieder kräftig mitmischen.} 19. b4 Ne4 20. Bc1 a5
$132 {Ebenso offensichtlich wie einfach. Krasenkow wird seine Nachlässigkeit
hier bereits bitter bereut haben.} 21. a3 axb4 22. axb4 Ra4 23. Qb2 Kc8 24. Bc2
Ra6 25. Bb3 Qh4 26. Rh2 Qf6 27. Ne2 Qg6 28. Bc2 Kb7 29. Qb3 h5 30. Ng3 hxg4 31.
Nxe4 Rxe4 32. hxg4 Bxg4 33. Rg1 Qe6 34. Rxg4 (34. Bxe4 Qxe4+ 35. Rc2 (35. Qc2
Qxb4+ 36. Bb2 Bf3 $19) (35. Kb2 Be5+ $1 36. fxe5 Qxe5+ $19) 35... Be2 $17 {
/\ ...Bd3}) 34... Qxg4 35. Bxe4 dxe4 36. Rd2 Qf5 37. Bb2 g6 38. Be5 Ra8 39.
Bxc7 Kxc7 40. Rd6 g5 41. fxg5 Rd8 42. Rf6 Qxg5 43. Rxf7+ Rd7 $2 (43... Kb8 $11)
44. Qe6 $16 Qg1+ 45. Kb2 Qd1 46. Rxd7+ Qxd7 47. Qxe4 Qd2+ 48. Kb3 Qd1+ 49. Qc2
Qd5+ 50. Kb2 Qe5+ 51. Qc3 Qh2+ 52. Kb3 Qh1 53. Qd3 Qf3 54. Kc3 Qh1 55. Qd6+ Kc8
56. Qe6+ Kc7 57. Qf7+ Kd8 58. Kd4 Qa1+ 59. Ke4 Qb1+ 60. Ke5 Qxb4 61. Kd6 1-0

[Event "Moscow Aeroflot op-A"]
[Site "Moscow"]
[Date "2005.02.15"]
[Round "1"]
[White "Ivanchuk, Vassily"]
[Black "Riazantsev, Alexander"]
[Result "1-0"]
[WhiteElo "2711"]
[BlackElo "2596"]
[Annotator "Lutz,C"]
[PlyCount "79"]
[EventDate "2005.02.15"]
[EventType "swiss"]
[EventRounds "9"]
[EventCountry "RUS"]
[SourceTitle "CBM 106"]
[Source "ChessBase"]
[SourceDate "2005.06.06"]
[SourceVersion "1"]
[SourceVersionDate "2005.06.06"]
[SourceQuality "1"]

1. Nf3 d5 2. c4 c6 3. e3 Nf6 4. Nc3 e6 5. d4 a6 6. b3 Bb4 7. Bd2 Nbd7 8. Bd3
O-O 9. O-O Qe7 10. Qc2 e5 {Das wesentliche Thema in dieser Stellung ist der
Zug ...e6-e5. Für Schwarz stellt sich nur die Frage, ob er diesen Zug sofort,
nach Vorbereitung oder nach dem Tausch ...dxc4 spielt. Riazantsev konnte mit
10...e5 in der ersten Runde ein Unentschieden erzielen. Nun entscheidet er
sich anders.} (10... h6 {1/2-1/2 Akopian,V-Riazantsev,A/Moscow 2005/CBM 106_01/
[Lutz] (40) Lutz}) (10... dxc4 11. bxc4 e5 12. Bf5 (12. Nh4 g6 13. f4 $2 Ng4
14. Nf3 Bxc3 15. Qxc3 e4 16. Bc2 exf3 17. gxf3 Ngf6 18. e4 Nh5 $17 {1/2-1/2
Ehlvest,J-Stripunsky,A/New York 2004/CBM 103 ext (44)}) (12. Ne4 Bxd2 13. Nfxd2
Nxe4 14. Nxe4 f5 15. Nd2 e4 16. Be2 c5 17. d5 Ne5 18. Rab1 Rf6 19. Qc3 b6 20.
h3 Bd7 $132 {1-0 Mohr,S-Clara,H/Germany 1990/GER-chT (69)}) 12... Re8 13. Rab1
a5 14. Ne2 exd4 15. Nexd4 g6 16. Bh3 Ne4 17. Bc1 Ndf6 {1/2-1/2 Korotylev,
A-Georgiev,V/Wijk aan Zee 2005/CBM 105 (17)}) 11. dxe5 (11. cxd5 {Gurevich,M}
Bxc3 12. Qxc3 e4 13. dxc6 Nd5 $15) (11. Nxd5 $6 {Gurevich,M} cxd5 12. Bxb4 Qxb4
13. dxe5 Ng4 14. cxd5 Ndxe5 15. Nxe5 Nxe5 16. Bxh7+ Kh8 $15) 11... Nxe5 (11...
dxc4 {ist (im Gegensatz zu Akopian-Riazantsev) hier nicht möglich, da der
schwarze Turm noch af f8 steht:} 12. exf6 cxd3 13. fxe7 dxc2 14. exf8=Q+) 12.
Nxe5 Qxe5 13. cxd5 (13. Nxd5 $5 {Gurevich,M} Nxd5 14. cxd5 Bxd2 15. Qxd2 Qxd5
16. Rad1 Bg4 17. f3 Be6 18. Qb4 $14) 13... cxd5 14. Ne2 $14 {Es scheint mir,
dass die Eröffnung für Schwarz nicht so erfolgreich lief, denn es ist eine
Isolani-Stellung entstanden, in der Weiß seine Figuren halbwegs entknotet hat
und über einen kleinen, aber festen Vorteil verfügt.} Bd6 $6 (14... Bxd2 {
Gurevich,M} 15. Qxd2 Bd7 16. Qb4 $14) 15. Ng3 Qe7 $146 (15... Qg5 {Gurevich,M;
/\ ...Ng4} 16. f4 $1 Qh4 17. Rf3 {/\18.Nf5,18.Be1<=> >> (Gurevich,M)} g6 18.
Be1 $1 Qh6 19. Bc3 $16 {0-1 Pinter,J-Gurevich,M/France 2004/CBM 100/[Gurevich,
M] (65)}) 16. Bc3 h6 17. Qb2 Re8 18. Bxf6 Qxf6 19. Qxf6 gxf6 20. Rac1 Kf8 21.
Rfd1 Bg4 22. Be2 Be6 (22... Bxg3 23. Bxg4 $16) 23. Bf3 Rac8 24. Ne2 Ba3 {
Die schwarzen Bauernschwächen geben Weiß natürlich Vorteil, aber Schwarz hat
noch etwas Aktivität.} 25. Rc3 Bb4 26. Rxc8 Rxc8 27. Nf4 Rc2 {Immerhin hat
Schwarz jetzt einen aktiven Turm.} 28. Bxd5 Bg4 29. f3 Bc5 30. Re1 Bc8 31. Kf1
Ba3 32. Re2 Rc1+ 33. Kf2 b6 34. Be4 Bd7 35. Rd2 f5 36. Rxd7 fxe4 37. Rd2 Bb4
38. Re2 exf3 39. gxf3 b5 $2 (39... Bd6 $16 {, und Weiß hätte bis zum
Punktgewinn noch kräftig arbeiten müssen.}) 40. Nd3 1-0

[Event "YUG-ch 55th"]
[Site "Subotica"]
[Date "2000.03.31"]
[Round "13"]
[White "Markovic, Miroslav"]
[Black "Kosic, Dragan"]
[Result "1-0"]
[WhiteElo "2586"]
[BlackElo "2521"]
[Annotator "Lutz,C"]
[PlyCount "69"]
[EventDate "2000.03.16"]
[EventType "tourn"]
[EventRounds "15"]
[EventCountry "YUG"]
[EventCategory "10"]
[SourceTitle "CBM 076"]
[Source "ChessBase"]
[SourceDate "2000.05.31"]
[SourceVersion "1"]
[SourceVersionDate "2000.05.31"]
[SourceQuality "1"]

1. d4 d5 2. Nf3 Nf6 3. c4 c6 4. Nc3 e6 5. e3 Nbd7 6. Qc2 Bd6 7. g4 $5 Nxg4 8.
Rg1 Nxh2 9. Nxh2 Bxh2 10. Rxg7 Nf8 $6 (10... Qf6 {ist die kritischere Variante
hier.}) 11. Rg2 Bc7 12. e4 Ng6 13. Bg5 f6 14. Bh6 Nh4 15. O-O-O $1 {Das
Qualitätsopfer ist zwar mehr oder weniger erzwungen (ansonsten folgt ...
Nf3+xd4), aber nichtsdestotrotz sehr stark. Das schwarze Problem ist sein
schlafender Damenflügel und sein Raumnachteil. Interessanterweise wurde in
einer Vorgängerpartie vor acht Jahren das gleiche Opfer gespielt.} Nxg2 16.
Bxg2 Qd6 (16... dxc4 17. Bf3 $1 Qe7 18. Bh5+ Kd8 19. e5 $1 $16 {1-0 Djurhuus,
R-Groenn,A/Oslo 1992/CBM 30/[Djurhuus,R] (34)}) 17. f4 Ba5 18. exd5 Bxc3 19. c5
Qc7 $2 (19... Qd8 20. Bg7 Rg8 21. Qxh7 $16) (19... Qd7 $5 {erscheint mir noch
nicht so klar.} 20. dxe6 (20. dxc6 bxc6 21. Qxc3 Bb7 {/\ ...0-0-0}) 20... Qxe6
21. Qxc3 Qxa2 22. d5 Bg4 {, und Schwarz steht nicht schlechter.}) 20. d6 $16 {
Angesichts eines solch starken Freibauern ist der weiße Vorteil klar.} Bxb2+
21. Qxb2 Qf7 22. Rh1 Rg8 23. Bf3 Rg6 (23... Kd7 24. Bh5 Qxh5 25. Rxh5 Rg1+ 26.
Kc2 Rg2+ 27. Kb3 Rxb2+ 28. Kxb2 $18) 24. Bh5 $18 b6 25. Qe2 Kd8 26. f5 $1 {
Weiß spart nicht mit seinem Material, um Linien zu öffnen.} exf5 27. Bxg6 hxg6
28. Bg7 Bb7 29. Re1 bxc5 30. dxc5 Kd7 31. Qe7+ Qxe7 32. Rxe7+ Kc8 33. Bxf6 a5
34. d7+ Kc7 35. d8=Q+ $5 (35. Rg7 $5 {mit der Drohung 38.d8Q# ist noch stärker,
denn} Rd8 36. Be5# {ist sofort matt. Der Textzug gewinnt "nur" eine Figur,
aber das reicht auch.}) 1-0

[Event "POL-ch 58th"]
[Site "Warsaw"]
[Date "2001.03.20"]
[Round "3"]
[White "Kempinski, Robert"]
[Black "Kuczynski, Robert"]
[Result "1-0"]
[WhiteElo "2543"]
[BlackElo "2499"]
[Annotator "Lutz,C"]
[PlyCount "67"]
[EventDate "2001.03.18"]
[EventType "tourn"]
[EventRounds "13"]
[EventCountry "POL"]
[EventCategory "11"]
[SourceTitle "CBM 082"]
[Source "ChessBase"]
[SourceDate "2001.05.17"]
[SourceVersion "1"]
[SourceVersionDate "2001.05.17"]
[SourceQuality "1"]

1. d4 d5 2. c4 c6 3. Nc3 Nf6 4. Nf3 e6 5. e3 Nbd7 6. Qc2 b6 7. Bd3 Bb7 8. O-O
Be7 9. a3 $5 {Diese Idee des "erweiterten Fianchettos" ist an dieser Stelle
neu. Üblicher sind Aufbauten mit 9.b3.} (9. b3 Rc8 (9... dxc4 $5 10. bxc4 (10.
Bxc4 c5 11. Rd1 O-O 12. Bb2 Qc7 13. d5 exd5 14. Bxd5 Nxd5 15. Nxd5 Bxd5 16.
Rxd5 Rfd8 17. Rad1 Nf6 $11 {0-1 Sokolov,I-Khenkin,I/Stockholm 1998/EXT 99 (64)}
) 10... c5 11. d5 $6 exd5 12. cxd5 Nxd5 13. Nxd5 Bxd5 14. Rd1 Qc7 15. Bb2 Bc6
16. Be4 (16. Bxg7 Rg8 {/\ ...Bxf3}) 16... Bf6 $17 {0-1 Zvjaginsev,V-Dreev,A/
RUS-ch m5-8 1997 (45)}) (9... Qc7 10. Bb2 O-O (10... Rd8 11. Rad1 (11. Rac1 {
Hecht} Qb8 12. Rfd1 O-O 13. Ne5 Nxe5 14. dxe5 Ng4 15. Bxh7+ Kh8 16. Qe2 f5 17.
h3 Kxh7 18. hxg4 f4 19. cxd5 exd5 20. Qd3+ Kg8 21. exf4 Rxf4 22. Ne2 Rxg4 23.
Qf5 $40 {1/2-1/2 Gelfand,B-Dreev,A/Groningen 1997/CBM 63/[Hecht] (92)}) 11...
h6 12. Qe2 O-O 13. Ne5 (13. Bb1 c5 14. cxd5 Nxd5 15. Nxd5 Bxd5 16. e4 Bb7 17.
Qc2 Rfe8 18. d5 exd5 19. exd5 Nf8 20. Qf5 Bd6 21. Qg4 Ng6 22. Bxg6 fxg6 23.
Qxg6 Qf7 24. Qxf7+ Kxf7 25. Rfe1 Rxe1+ 26. Rxe1 Bxd5 27. Ne5+ Bxe5 28. Bxe5 Bc6
29. Bf4 {1/2-1/2 Gelfand,B-Dreev,A/Groningen 1997/CBM 63 (29)}) 13... dxc4 14.
bxc4 Nxe5 15. dxe5 Nd7 16. f4 Nc5 17. Bb1 Rxd1 18. Nxd1 Rd8 19. Qc2 g6 20. Nf2
h5 21. g4 hxg4 22. Nxg4 Nd3 23. Nh6+ Kg7 24. Nxf7 Kxf7 25. Bd4 c5 26. Qxd3 Rg8
27. Bc3 Qc6 28. e4 $13 {0-1 Zvjaginsev,V-Dreev,A/Groningen 1997/CBM 63 (72)})
11. Rad1 c5 12. Ne5 cxd4 13. exd4 Rfd8 14. Qe2 dxc4 15. bxc4 Nxe5 16. dxe5 Nd7
17. Nb5 Qc6 18. Qg4 Nc5 19. Nd6 Bxd6 20. exd6 g6 21. Bc2 Rxd6 22. Rxd6 Qxd6 {
0-1 Luft,A-Beikert,G/BL2-S 9596/1996 (41)}) (9... O-O 10. Ne5 Rc8 11. Bb2 Qc7
12. Rad1 Rfd8 13. f4 Nf8 14. f5 Bd6 15. e4 dxc4 16. Nxc4 Bxh2+ 17. Kh1 b5 18.
e5 bxc4 19. Bxc4 Ng4 20. Qe2 h5 21. Ne4 c5 {1-0 Adla,D-Rodriguez Lopez,R/
Aceimar op 1995 (37)}) 10. Bb2 c5 (10... Qc7 11. Rac1 h6 12. Qe2 (12. e4 $5)
12... O-O 13. Ne5 Nxe5 14. dxe5 dxc4 15. bxc4 Qxe5 16. Nd5 Qd6 17. Nxf6+ Bxf6
18. Bxf6 gxf6 19. c5 Qe7 20. Qg4+ Kh8 21. Qh4 Kg7 22. Qg3+ Kh8 23. Qh4 Kg7 24.
Qg4+ Kh8 25. Qh4 {1/2-1/2 Dao,T-Waitzkin,J/Budapest FS06 GM 1997}) 11. cxd5
cxd4 $2 $146 (11... exd5 12. Rfd1 O-O 13. Rac1 Re8 14. Bf5 g6 15. Bh3 $14 Bf8
16. Qb1 Qe7 17. Rc2 a6 18. Na4 c4 19. Ne5 b5 {1/2-1/2 Khalifman,A-Dreev,A/
EUCup f 1996/CBM 56}) 12. dxe6 dxc3 13. exd7+ Nxd7 14. Bxc3 Bb4 15. Bc4 Bxf3
16. gxf3 Bxc3 17. Qxc3 Qg5+ 18. Kh1 b5 19. Qa5 $1 {1-0 Kramnik,V-Ivanchuk,V/
Dortmund 1997/CBM 60/[Lutz] (19)}) 9... O-O 10. b4 dxc4 (10... c5 11. cxd5 $14
{, und Schwarz verbleibt mit einem Isolani auf d5, da er wegen der Bedrohung
des Ph7 nicht mit dem Springer zurückschlagen kann.}) 11. Bxc4 c5 12. dxc5 bxc5
13. b5 {Der einzige Versuch, wenn Weiß um die Initiative kämpfen will.} Qc7 14.
Bb2 Bxf3 $5 {Eine interessante Entscheidung. Schwarz schächt den gegnerischen
Königsflügel, gibt dafür aber seinen Läufer auf.} (14... Nb6 $5 {sieht
normaler aus.}) 15. gxf3 Qe5 16. Ne4 Qh5 17. Kg2 Nxe4 18. Qxe4 Bf6 19. Bxf6
Nxf6 20. Qf4 Nd5 21. Qg3 Nb6 22. Be2 c4 $2 {Es sieht auf den ersten Blick
erstaunlich aus, aber nun bekommt Schwarz Probleme, da Weiß seine Bauern viel
besser unterstützen kann als Schwarz seinen c-Freibauern.} (22... Na4 $5 $11 {
blockiert den a-Bauern und sollte zu einer ausgeglichenen Stellung führen.})
23. a4 $16 {[%cal Ye2a6,Yg3b8,Yf1b1,Ya1a8,Yb1b8]} Rfc8 24. Rfc1 c3 (24... Rc5
25. Kh1 $5 (25. a5 $5 Rg5 26. axb6 Rxg3+ 27. hxg3 Qxb5 28. Rcb1 {gibt Schwarz
ebenfalls Probleme wegen seiner schwachen Grundreihe.})) 25. a5 Nd5 26. e4 Nb4
27. b6 axb6 28. axb6 $18 Rxa1 29. Rxa1 e5 30. b7 Rf8 31. Bb5 Qh6 32. Qxe5 Qg6+
33. Kh1 Qb6 34. Ra8 1-0